000 00691nam a2200277Ia 4500
001 18595
005 20240113235852.0
007 ta
008 090504s1970 a g b000 u asm u
020 _cHB
040 _aCotton College,Assam
041 _aasm
082 _a891.4142
_bSh 13 B
100 _aShah, Raihan .
245 0 _aBilupta Jagat /
_cRaihan Shah.
_hTextual Documents
250 _a1st ed. /
260 _aGuwahati :
_bAsam Prakashan Parishad ,
_c1970.
300 _a302p. :
_bill ;
_c22cm .
653 _aT/G-Assamese Novel
653 _aG-Assamese
942 _2ddc
_cBK
999 _c18577
_d18577